000 00425nam a2200181Ia 4500
005 20251126132159.0
020 _a9780131864627
050 _aQD 31.3 .C43145/
100 _aBrown; Theodore L.
245 0 _aChemistry : the central science
250 _a10th ed.
260 _aUpper Saddle River
260 _bPrentice Hall
260 _c2006
300 _a172 p
650 _aUpper Saddle River
942 _cBK
_2lcc
999 _c39514
_d39514